|
|
|
|
| LEADER |
01253nam a2200313 a 4500 |
| 001 |
38089 |
| 003 |
BD-DhAAL |
| 005 |
20220313133925.0 |
| 008 |
220313t1983 laua b s001 0 eng |
| 999 |
|
|
|c 43757
|d 43757
|
| 010 |
|
|
|a 82020843
|
| 020 |
|
|
|a 0807110744 :
|c $30.00
|
| 020 |
|
|
|a 0807117994
|
| 040 |
|
|
|a DLC
|c DLC
|d DLC
|d BD-DhAAL
|
| 050 |
0 |
0 |
|a PR2399.W7
|b A17 1983
|
| 082 |
0 |
0 |
|a 821.3
|2 23
|
| 100 |
1 |
|
|a Wroth, Mary,
|c Lady,
|d approximately 1586-approximately 1640.
|9 46859
|
| 240 |
1 |
0 |
|a Poems
|
| 245 |
1 |
4 |
|a The poems of Lady Mary Wroth /
|c edited, with introduction and notes, by Josephine A. Roberts.
|
| 260 |
|
|
|a Baton Rouge :
|b Louisiana State University Press,
|c c1983.
|
| 300 |
|
|
|a xiv, 251 pages :
|b illustrations ;
|c 24 cm.
|
| 504 |
|
|
|a Includes bibliographical references and index.
|
| 541 |
|
|
|a Donated by Akbar Ali Khan
|e 38089
|
| 650 |
|
|
|a Poetry in English 1558-1625 Texts;
|9 46860
|
| 650 |
|
|
|a English poetry
|x Early modern
|9 46861
|
| 700 |
1 |
|
|a Roberts, Josephine A.
|9 46862
|
| 852 |
|
|
|a Ayesha Abed Library
|c Akbar Ali Khan Collection
|
| 942 |
|
|
|2 ddc
|c BK
|
| 952 |
|
|
|0 0
|1 0
|2 ddc
|4 0
|6 821_300000000000000_WRO
|7 1
|9 70111
|a BRACUL
|b BRACUL
|c AAKC
|d 2022-03-13
|e Donated by Akbar Ali Khan
|l 0
|o 821.3 WRO
|p 3010038089
|r 2022-03-13
|t 1
|w 2022-03-13
|y BK
|